书目信息 |
| 题名: |
乒乓球的旋转
|
|
| 作者: | 张惠钦 著 | |
| 分册: | ||
| 出版信息: | 北京 人民体育出版社 1986 |
|
| 页数: | 189页 | |
| 开本: | 32开 | |
| 丛书名: | ||
| 单 册: | ||
| 中图分类: | G846.19 | |
| 科图分类: | ||
| 主题词: | 球类运动 | |
| 电子资源: | ||
| ISBN: | 7-5009-0682-X | |
| 000 | 00554nam0 2200205 45 | |
| 001 | 0109271624 | |
| 005 | 20031219104050.9 | |
| 010 | @a7-5009-0682-X@dCNY8.00 | |
| 100 | @a20010927d1986 km y0chiy0120 ea | |
| 101 | 0 | @achi |
| 105 | @a z 000yy | |
| 200 | 1 | @a乒乓球的旋转@APing Pang Qiu De Xuan Zhuan@f张惠钦著@FZhang Hui Qin Zhu |
| 205 | @a2版 | |
| 210 | @a北京@c人民体育出版社@d1986 | |
| 215 | @a189页@d32开 | |
| 606 | 0 | @a球类运动 |
| 690 | @aG846.19@v4 | |
| 701 | @a张惠钦@4著 | |
| 801 | @aCN@bTSTC@c20010927 | |
| 905 | @f1@b299057@dG846.19@e128=2 | |
| 乒乓球的旋转/张惠钦著.-2版.-北京:人民体育出版社,1986 |
| 189页;32开 |
| ISBN 7-5009-0682-X:CNY8.00 |
| ● |
| 相关链接 |
|
|
|
|
正题名:乒乓球的旋转
索取号:G846.19/128=2
 
预约/预借
| 序号 | 登录号 | 条形码 | 馆藏地/架位号 | 状态 | 备注 |
| 1 | 0299057 | 202990576 | 第一样本阅览室/ [索取号:G846.19/128=2] | 在馆 |